000
00283nam a22001337a 4500
008
171123b xxu||||| |||| 00| 0 eng d
020
_a
9780785260929
041
_a
eng
080
_a
658
100
_a
54
101
_a
LID
245
_a
THE 360 LEADER
_c
MAXWELL.J
942
_2
udc
_c
BK
999
_c
38334
_d
38334